Financial Accounting. (Record no. 3299)

MARC details
000 -LEADER
fixed length control field 00578nam a22002057a 4500
003 - CONTROL NUMBER IDENTIFIER
control field OSt
005 - DATE AND TIME OF LATEST TRANSACTION
control field 20160323142636.0
008 - FIXED-LENGTH DATA ELEMENTS--GENERAL INFORMATION
fixed length control field 160323b xxu||||| |||| 00| 0 eng d
020 ## - INTERNATIONAL STANDARD BOOK NUMBER
International Standard Book Number 0273685201
040 ## - CATALOGING SOURCE
Transcribing agency DDC,
082 ## - DEWEY DECIMAL CLASSIFICATION NUMBER
Classification number 657 ALE2004.
100 ## - MAIN ENTRY--PERSONAL NAME
Personal name Alexander ,David;Nobes,Christopher;
9 (RLIN) 6769
245 ## - TITLE STATEMENT
Title Financial Accounting.
Remainder of title An international Introduction.
250 ## - EDITION STATEMENT
Edition statement 2nd ed.
260 ## - PUBLICATION, DISTRIBUTION, ETC. (IMPRINT)
Place of publication, distribution, etc. England.
Name of publisher, distributor, etc. FT Prentice Hall.
Date of publication, distribution, etc. 2004.
300 ## - PHYSICAL DESCRIPTION
Extent xviii,477p;
Other physical details ill;
Dimensions 28cm.
504 ## - BIBLIOGRAPHY, ETC. NOTE
Bibliography, etc includes appendix and index.
650 ## - SUBJECT ADDED ENTRY--TOPICAL TERM
Topical term or geographic name as entry element Accounting.
9 (RLIN) 1379
942 ## - ADDED ENTRY ELEMENTS (KOHA)
Source of classification or shelving scheme Dewey Decimal Classification
Koha item type Short Loan
Holdings
Withdrawn status Lost status Source of classification or shelving scheme Damaged status Not for loan Home library Current library Date acquired Source of acquisition Inventory number Total Checkouts Full call number Barcode Date last seen Price effective from Koha item type
    Dewey Decimal Classification     MUST Main Library MUST Main Library 23/03/2016   06/27718   657 ALE2004. 2016-0497 23/03/2016 23/03/2016 Short Loan